=LDR 00000nam 2200000 4500 =001 INLIS000000000047480 =005 20230227105734 =035 ##$$a 0010-121500000000021 =008 230227###########################0###### =020 ##$$a 979-24-5656 =082 ##$$a 923.7 =090 ##$$a 923.7 bai e =100 ##$$a Baihaqi, MIF =245 1#$$a Ensiklopedi Tokoh Pendidikan : $b Dari Abendanon Hingga K.H. imam Zarkasyi /$c MIF Baihaqi =260 ##$$a Bandung :$b Nuansa,$c 2008 =300 ##$$a 152 hlm : $b ilus ; $c 21 cm =850 ##$$a nbpnmat =084 ##$$a 923.7 BAI e =990 ##$$a 0001/BPAP-NTB/2015 =990 ##$$a 0001/BPAP-NTB/2015